000 00362nam a2200133 4500
005 20260530113907.0
100 1 _aAnton Stankowski
_932966
245 1 0 _aVisual presentation of Invisible Process
264 1 _bVerlag Arthur Niggli AG
_c1968
300 _a130 páginas
336 _atexto
_2rdacontent
337 _asin medio
_2rdamedia
338 _avolumen
_2rdacarrier
999 _c12007
_d12007